[Event "NRW U18 op"]
[Site "Olpe"]
[Date "2005.10.02"]
[Round "4.40"]
[White "Bialas, Jan Philip"]
[Black "Sander, Daniel"]
[Result "0-1"]
[WhiteElo "854"]
[BlackElo "1334"]
[PlyCount "54"]
[EventDate "2005.10.01"]
[EventType "swiss"]
[EventRounds "7"]
[EventCountry "GER"]
[SourceTitle "CBM 108 Extra"]
[Source "ChessBase"]
[SourceDate "2005.11.04"]
[SourceVersion "1"]
[SourceVersionDate "2005.11.04"]
[SourceQuality "1"]

1. d4 d5 2. Nf3 Nc6 3. e3 g6 4. Bd3 Bg7 5. b3 e5 6. c3 e4 7. Bb5 exf3 8. Qxf3 Nge7 9. Nd2 0-0 10. Ba3 a6 11. Bxc6 bxc6 12. 0-0 Re8 13. Bc5 h5 14. e4 Bg4 15. Qe3 Nf5 16. Qd3 dxe4 17. Nxe4 Nd6 18. Rfe1 Bf5 19. Bxd6 cxd6 20. Qf3 Qe7 21. Nd2 Qxe1+ 22. Rxe1 Rxe1+ 23. Nf1 d5 24. Qf4 Bd3 25. g3 Bxf1 26. h3 Bxh3+ 27. Kh2 Bf5 0-1